Statistiken für Europäisches Flaggen - Kartenquiz.

Klicken Sie hier um das Quiz zu spielen!

Allgemein

  • Dieses Quiz wurde 930 mal gespielt
  • Das Durchschnittsergebnis liegt bei 30 aus 45

Antworten auf der Karte

Die Antworten werden auf der Karte rot bzw. grün angezeigt, abhängig davon wie oft sie richtig erraten wurden.
 

Antwortstatistiken

Antwort% Korrekt
93%
86%
85%
83%
83%
82%
82%
80%
78%
77%
77%
77%
76%
75%
75%
75%
75%
74%
69%
69%
67%
67%
66%
65%
64%
64%
62%
59%
58%
58%
57%
56%
56%
54%
54%
53%
51%
51%
51%
50%
49%
49%
48%
47%
39%

Verteilung der Resultate

Perzentil nach korrekt beantworteten Fragen

Anzahl Personen mit jedem Resultat

Ihre Resultats-Entwicklung

Sie haben dieses Quiz noch nicht gespielt